Central Library OPAC University of Rajshahi
Normal view MARC view

Entry Personal Name

Number of records used in: 18

001 - CONTROL NUMBER

  • control field: 5430

003 - CONTROL NUMBER IDENTIFIER

  • control field: BD-RjUL

005 - DATE AND TIME OF LATEST TRANSACTION

  • control field: 20221023160352.0

008 - FIXED-LENGTH DATA ELEMENTS

  • fixed length control field: 221023|| aca||aabn | a|a d

040 ## - CATALOGING SOURCE

  • Original cataloging agency: BD-RjUL
  • Transcribing agency: BD-RjUL

100 ## - HEADING--PERSONAL NAME

  • Personal name: Panday, Pradip Kumar, Supervisor

670 ## - SOURCE DATA FOUND

  • Source citation: Work cat.: (BD-RjUL)80599: RAHMAN, MAHABUBUR 5428, Youth Participation in Social Networking Sites in Bangladesh:, 2016